Contos de Andersen (Registo nº 3843)

Detalhes MARC
000 -Etiqueta do registo
Cabeçalho 00858nam0a2200301 4500
005 - Identificador da versão
Campo de controlo 20240813122045.0
095 ## -
-- PTBN00243657
010 ## - Número internacional normalizado dos livros (ISBN)
Número (ISBN) 9727081029
Número (ISBN) 972-708-111-8
021 ## - Número do Depósito Legal
Código do país PT
Número 28001
Código do país PT
Número 28011/90
100 ## - Dados gerais de processamento
Dados gerais de processamento 20170511f1990 a y0pory5003 ba
102 ## - Pais de publicação ou produção
País de publicação Portugal
101 1# - Língua de publicação
Língua do texto, banda sonora, etc. Português
Língua do documento no original Dinamarquês
215 ## - Descrição física 
Indicação específica da natureza do documento e extensão da espécie 96, [3] p
200 1# - Titulo e menção de responsabilidade
Título próprio Contos de Andersen
Outras menções de responsabilidade trad. Cabral do Nascimento
210 ## - Publicação, Distribuição, etc. 
Lugar da edição, distribuição, etc. Lisboa
Nome do editor, distribuidor, etc. Relógio d'Água
Data da publicação, distribuição, etc. [1990?]
300 ## - Notas gerais 
Texto da nota Metas Curriculares
Texto da nota PNL
606 ## - Nome comum usado como assunto
Número de registo de entrada de autoridade 0001334
Palavra de ordem Literatura dinamarquesa
Subdivisão de assunto Conto
Código do sistema CA
675 ## - Classificação Decimal Universal (CDU)
Notação 821.113.4-34
Edição 3ª ed.
Língua da edição por
702 #1 - Nome de autor-pessoa física (responsabilidade secundária)
Número de registo de entrada de autoridade 0001838
Palavra de ordem Nascimento
Outra parte do nome não tomada para palavra de ordem João Cabral do
Datas 1897-1978
Código de função Tradutor
700 #1 - Nome de autor-pessoa física (responsabilidade principal)
Número de registo de entrada de autoridade 0000290
Palavra de ordem Andersen
Outra parte do nome não tomada para palavra de ordem Hans Christian
Datas 1805-1875
966 ## - Identificação da Biblioteca
Sigla EBVEN
942 ## - Elementos de entrada adicionados (Koha)
Tipo de item no Koha Livro
Exemplares
Situação do levantamento Origin of item (home branch) (coded) Biblioteca de empréstimo Código de barras Cota Circulation type (not for loan) Tipo de documento Nota do exemplar Damaged status
  Biblioteca Escolar das Vendas Biblioteca Escolar das Vendas BEV170 8EST AND MET PNL   Livro Sem mensagem